000 00676nam a2200229 i 4500
001 180708
003 ES-MaACL
005 20250822062536.0
008 120627q1954 sp |||| |dspa d
080 _a75 Goya
100 1 _aVirgili, Pablo.
_9150774
245 1 0 _aGoya /
_cPablo Virgili ; portada de Coll.
260 _aBarcelona :
_bEdiciones C.P.,
_c[ca. 1954]
300 _a64 p. ;
_c11 cm.
490 1 _aEnciclopedia pulga ;
_v89
600 1 4 _aGoya, Francisco de,
_d1746-1828
_9240353
700 1 _aColl, Alejandro.
_939607
830 1 _aEnciclopedia pulga ;
_v89
_9191296
852 4 _aES-MaACL
_j2311-F-18
942 _2udc
999 _c180708
_d180708